000 00713nam a2200253Ia 4500
003 OSt
005 20221005091743.0
006 a|||||r|||| 00| 0
007 ta
008 221004b |||||||| |||| 00| 0 eng d
020 _a0 14 00 5940 7 (pbk)
024 _a121955
037 _bGift, 10/10/2012,
_cTextual
040 _aCRL
_cCRL
_beng
041 _2eng
_aeng
082 _aV73, M1
100 _aBroder David S
_9616552
245 0 _aChanging of the guard
_b Power and leadership in America
260 _aNew York
_bPenguin Books USA
_c1981
300 _a512p.
_ccm.
650 _aHISTORY
942 _hV73, M1
_cTEXL
_2cc
999 _c997758
_d997758